[Event "Muensterland Verbandsklasse 1920"]
[Site "Germany"]
[Date "2020.01.18"]
[Round "5.2"]
[White "Hemmert, Michael"]
[Black "Gehlen, Horst"]
[Result "1/2-1/2"]
[WhiteElo "1775"]
[BlackElo "1737"]
[PlyCount "84"]
[EventDate "2019.09.14"]
[EventType "team-tourn"]
[EventRounds "7"]
[EventCountry "GER"]
[SourceTitle "EXT 2023"]
[Source "ChessBase"]
[SourceDate "2022.10.05"]
[SourceVersion "1"]
[SourceVersionDate "2022.10.05"]
[SourceQuality "1"]
[WhiteTeam "Rheine Klein Berlin II"]
[BlackTeam "Duelmen II"]
[WhiteTeamCountry "GER"]
[BlackTeamCountry "GER"]

1. d4 d5 2. Bf4 c5 3. e3 Nf6 4. Nd2 Nc6 5. Ngf3 Bf5 6. a3 e6 7. dxc5 Bxc5 8. Nb3 Bd6 9. Bg5 Rc8 10. Bd3 Bg4 11. Be2 0-0 12. Nfd4 Nxd4 13. exd4 Bf5 14. Rc1 h6 15. Bh4 Bf4 16. Nd2 Qb6 17. Bxf6 gxf6 18. g3 Bd6 19. Nb3 a5 20. c4 dxc4 21. Bxc4 a4 22. Nd2 Qxb2 23. 0-0 Qxd4 24. Qe2 Bxa3 25. Nf3 Qe4 26. Ra1 Qxe2 27. Bxe2 Rc3 28. Nd4 Bc5 29. Nxf5 exf5 30. Rxa4 Re8 31. Bb5 Re4 32. Ra8+ Kg7 33. Bd7 Re5 34. Rb8 Rb3 35. Bc6 b6 36. Rb7 Re7 37. Rxe7 Bxe7 38. Re1 Bc5 39. Re2 b5 40. Rc2 Bd4 41. Kg2 b4 42. Bd5 Ra3 1/2-1/2

[Event "Muensterland Regionalliga 1718"]
[Site "Germany"]
[Date "2017.12.02"]
[Round "4.8"]
[White "Hemmert, Michael"]
[Black "Beckmann, Klaus2222"]
[Result "1/2-1/2"]
[WhiteElo "1778"]
[BlackElo "2072"]
[PlyCount "60"]
[EventDate "2017.09.02"]
[EventType "team-tourn"]
[EventRounds "9"]
[EventCountry "GER"]
[SourceTitle "EXT 2019"]
[Source "ChessBase"]
[SourceDate "2018.10.10"]
[SourceVersion "1"]
[SourceVersionDate "2018.10.10"]
[SourceQuality "1"]
[WhiteTeam "Rheine Klein Berlin"]
[BlackTeam "Neuenkirchen"]
[WhiteTeamCountry "GER"]
[BlackTeamCountry "GER"]

1. d4 Nf6 2. Bf4 e6 3. e3 c5 4. c3 Nc6 5. Nd2 d5 6. Ngf3 Bd6 7. Ne5 Qc7 8. Ndf3 0-0 9. Bd3 cxd4 10. exd4 Ne4 11. Bg3 h6 12. Nxc6 bxc6 13. Bxd6 Nxd6 14. 0-0 c5 15. Rc1 Rb8 16. Qe2 c4 17. Bb1 a5 18. Ne5 Re8 19. Qc2 f5 20. Rce1 Bd7 21. f3 Rb6 22. Qf2 Reb8 23. Re2 Be8 24. g4 Qb7 25. Qh4 a4 26. a3 Rxb2 27. Rxb2 Qxb2 28. Qe7 Qxa3 29. gxf5 exf5 30. Bxf5 Bh5 1/2-1/2

[Event "Muensterland Regionalliga 1617"]
[Site "Germany"]
[Date "2017.04.08"]
[Round "8.7"]
[White "Keller, Dirk"]
[Black "Hemmert, Michael"]
[Result "1/2-1/2"]
[WhiteElo "1893"]
[BlackElo "1828"]
[PlyCount "23"]
[EventDate "2016.09.17"]
[EventType "team"]
[EventRounds "9"]
[EventCountry "GER"]
[SourceTitle "EXT 2018"]
[Source "ChessBase"]
[SourceDate "2017.10.13"]
[SourceVersion "1"]
[SourceVersionDate "2017.10.13"]
[SourceQuality "1"]
[WhiteTeam "Nienberge"]
[BlackTeam "Rheine Klein Berlin"]
[WhiteTeamCountry "GER"]
[BlackTeamCountry "GER"]

1. d4 f5 2. c4 Nf6 3. h4 d6 4. Bf4 Nbd7 5. Nf3 e6 6. Nc3 a6 7. e3 Qe7 8. Qa4 c6 9. Qa3 Ng4 10. e4 e5 11. Bg5 Ndf6 12. d5 1/2-1/2

[Event "Muensterland Regionalliga 1617"]
[Site "Germany"]
[Date "2017.03.11"]
[Round "7.7"]
[White "Hemmert, Michael"]
[Black "Hunhoff, Andreas"]
[Result "0-1"]
[WhiteElo "1828"]
[BlackElo "1839"]
[PlyCount "46"]
[EventDate "2016.09.17"]
[EventType "team"]
[EventRounds "9"]
[EventCountry "GER"]
[SourceTitle "EXT 2018"]
[Source "ChessBase"]
[SourceDate "2017.10.13"]
[SourceVersion "1"]
[SourceVersionDate "2017.10.13"]
[SourceQuality "1"]
[WhiteTeam "Rheine Klein Berlin"]
[BlackTeam "Bocholt"]
[WhiteTeamCountry "GER"]
[BlackTeamCountry "GER"]

1. d4 f5 2. g3 Nf6 3. Bg2 e6 4. c4 c6 5. Nc3 d5 6. c5 b6 7. b4 a5 8. Na4 Nbd7 9. bxa5 bxc5 10. Bd2 Ba6 11. Qc2 c4 12. Nh3 Bd6 13. Nf4 Qe7 14. Rb1 0-0 15. 0-0 c5 16. dxc5 Nxc5 17. Nb6 Rab8 18. h4 Nce4 19. Be3 Ng4 20. Qc1 Nxe3 21. Qxe3 Bc5 22. Qc1 Nxg3 23. Nxe6 Nxe2+ 0-1

[Event "Muensterland Regionalliga 1617"]
[Site "Germany"]
[Date "2017.02.04"]
[Round "6.7"]
[White "Sparwel, Oliver"]
[Black "Hemmert, Michael"]
[Result "0-1"]
[WhiteElo "1892"]
[BlackElo "1828"]
[PlyCount "82"]
[EventDate "2016.09.17"]
[EventType "team"]
[EventRounds "9"]
[EventCountry "GER"]
[SourceTitle "EXT 2018"]
[Source "ChessBase"]
[SourceDate "2017.10.13"]
[SourceVersion "1"]
[SourceVersionDate "2017.10.13"]
[SourceQuality "1"]
[WhiteTeam "Suedlohn"]
[BlackTeam "Rheine Klein Berlin"]
[WhiteTeamCountry "GER"]
[BlackTeamCountry "GER"]

1. d4 f5 2. g3 Nf6 3. Bg2 g6 4. c4 Bg7 5. Nc3 d6 6. Nf3 0-0 7. 0-0 c6 8. Qc2 Qe8 9. a4 a5 10. b3 Na6 11. Ba3 h6 12. Rad1 Bd7 13. Nh4 Qf7 14. f4 Ng4 15. Qd2 Rad8 16. h3 Nf6 17. Kh2 Bc8 18. e4 fxe4 19. Nxe4 d5 20. Ng5 hxg5 21. fxg5 dxc4 22. gxf6 Bxf6 23. Qh6 Qg7 24. Qxg6 Bxh4 25. Qxg7+ Kxg7 26. gxh4 Rxf1 27. Bxf1 cxb3 28. Bxe7 Re8 29. Bd6 Bf5 30. Rd2 Nb4 31. Rb2 Re3 32. Be5+ Kf8 33. h5 Rc3 34. Kg1 Bc2 35. h6 Kg8 36. Kf2 Nd3+ 37. Bxd3 Rxd3 38. h4 Kh7 39. Bg7 b5 40. axb5 cxb5 41. Ke2 a4 0-1

[Event "Muensterland Regionalliga 1516"]
[Site "Germany"]
[Date "2015.11.14"]
[Round "3.7"]
[White "Koetting, Hans Erich"]
[Black "Hemmert, Michael"]
[Result "0-1"]
[WhiteElo "1865"]
[BlackElo "1856"]
[PlyCount "100"]
[EventDate "2015.09.05"]
[EventType "team"]
[EventRounds "9"]
[EventCountry "GER"]
[SourceTitle "EXT 2017"]
[Source "ChessBase"]
[SourceDate "2016.10.25"]
[SourceVersion "1"]
[SourceVersionDate "2016.10.25"]
[SourceQuality "1"]
[WhiteTeam "Duelmen"]
[BlackTeam "Rheine Klein Berlin"]
[WhiteTeamCountry "GER"]
[BlackTeamCountry "GER"]

1. e4 g6 2. d4 Bg7 3. Nc3 d6 4. f4 Nf6 5. Be2 0-0 6. Be3 c6 7. g4 e5 8. g5 exf4 9. Bxf4 Ne8 10. Qd2 b5 11. Bf3 Qe7 12. 0-0-0 Bb7 13. h4 b4 14. Nce2 f5 15. exf5 Rxf5 16. Ng3 Ra5 17. Kb1 Qf7 18. b3 Na6 19. h5 c5 20. hxg6 hxg6 21. Bxb7 Qxb7 22. Qh2 Qf7 23. Ne4 cxd4 24. Nxd6 Qe6 25. Rf1 d3 26. Be5 dxc2+ 27. Kc1 Nf6 28. Bxf6 Qe3+ 29. Qd2 Qxd2+ 30. Kxd2 Rd5+ 31. Kxc2 Rxd6 32. Rh4 Rc8+ 33. Rc4 Rxc4+ 34. bxc4 Bxf6 35. gxf6 Kf7 36. Nf3 Kxf6 37. Nd4+ Kg7 38. Nb5 Rd7 39. Kb3 g5 40. Rf5 Kg6 41. Re5 Kf6 42. Re8 g4 43. Rc8 g3 44. Rc6+ Kg5 45. Nd6 Kf4 46. Ne8 g2 47. Rg6 Rd3+ 48. Ka4 Rg3 49. Rf6+ Ke3 50. Rxa6 g1Q 0-1

[Event "Muensterland Regionalliga 1516"]
[Site "Germany"]
[Date "2015.09.05"]
[Round "1.8"]
[White "Hemmert, Michael"]
[Black "Schomaker, Guenter"]
[Result "1/2-1/2"]
[WhiteElo "1856"]
[BlackElo "1665"]
[PlyCount "32"]
[EventDate "2015.09.05"]
[EventType "team"]
[EventRounds "9"]
[EventCountry "GER"]
[SourceTitle "EXT 2017"]
[Source "ChessBase"]
[SourceDate "2016.10.25"]
[SourceVersion "1"]
[SourceVersionDate "2016.10.25"]
[SourceQuality "1"]
[WhiteTeam "Rheine Klein Berlin"]
[BlackTeam "Telgte"]
[WhiteTeamCountry "GER"]
[BlackTeamCountry "GER"]

1. d4 d5 2. Bf4 Nf6 3. e3 c6 4. c3 Bf5 5. Bd3 Bxd3 6. Qxd3 e6 7. Nf3 Bd6 8. Bg5 Nbd7 9. Nbd2 0-0 10. e4 dxe4 11. Nxe4 Be7 12. Bf4 Nxe4 13. Qxe4 Nf6 14. Qe2 c5 15. Rd1 Qa5 16. a3 Nd5 1/2-1/2

[Event "Muensterland Regionalliga 1415"]
[Site "Germany"]
[Date "2015.04.25"]
[Round "8.8"]
[White "Wessel, Johannes"]
[Black "Hemmert, Michael"]
[Result "0-1"]
[WhiteElo "1855"]
[BlackElo "1836"]
[PlyCount "57"]
[EventDate "2014.09.20"]
[EventType "team-tourn"]
[EventRounds "9"]
[EventCountry "GER"]
[SourceTitle "EXT 2016"]
[Source "ChessBase"]
[SourceDate "2015.10.08"]
[SourceVersion "1"]
[SourceVersionDate "2015.10.08"]
[SourceQuality "1"]
[WhiteTeam "Steinfurt"]
[BlackTeam "Rheine Klein Berlin"]
[WhiteTeamCountry "GER"]
[BlackTeamCountry "GER"]

1. e4 g6 2. d4 Bg7 3. Nc3 d6 4. Be3 Nf6 5. f3 0-0 6. Qd2 c6 7. Bc4 b5 8. Bb3 a5 9. a4 b4 10. Nce2 Nbd7 11. Rd1 Qc7 12. Bh6 c5 13. c3 Nb6 14. h4 bxc3 15. bxc3 cxd4 16. Bxg7 Kxg7 17. cxd4 Nc4 18. Qc1 Ba6 19. h5 Rh8 20. h6+ Kf8 21. Nc3 Rc8 22. Nge2 Qb7 23. Ba2 Nb2 24. Rd2 Nd3+ 25. Rxd3 Bxd3 26. Nf4 Ba6 27. Qa3 Qb4 28. Qxb4 axb4 29. Nb5 0-1

[Event "Steinfurt Bezirk-ch 1314"]
[Site "Rheine"]
[Date "2013.??.??"]
[Round "3"]
[White "Hemmert, Michael"]
[Black "Kornick, Ulrich"]
[Result "0-1"]
[WhiteElo "2032"]
[BlackElo "1946"]
[PlyCount "108"]
[EventDate "2013.??.??"]
[EventType "swiss"]
[EventRounds "6"]
[EventCountry "GER"]
[SourceTitle "EXT 2015"]
[Source "ChessBase"]
[SourceDate "2014.11.20"]
[SourceVersion "1"]
[SourceVersionDate "2014.11.20"]
[SourceQuality "1"]

1. d4 d5 2. Bf4 g6 3. e3 Bg7 4. Nf3 Bg4 5. Nbd2 c5 6. c3 Nd7 7. h3 Bf5 8. g4 Be6 9. Ng5 a6 10. Nxe6 fxe6 11. Nf3 Nh6 12. Bd3 Nf7 13. Ng5 Nxg5 14. Bxg5 e5 15. f4 exd4 16. exd4 cxd4 17. cxd4 Qa5+ 18. Kf1 Qb4 19. Qe2 Bxd4 20. Re1 Bf6 21. Bxf6 Qxf4+ 22. Kg2 Qxf6 23. Rhf1 Qd6 24. Qd2 0-0-0 25. Rf7 e5 26. Rc1+ Kb8 27. b4 Qe6 28. Rff1 Rhf8 29. Rxf8 Nxf8 30. b5 e4 31. Be2 axb5 32. Bxb5 e3 33. Qb4 Qe4+ 34. Qxe4 dxe4 35. Re1 Ne6 36. Rxe3 Nc5 37. Kg3 Kc7 38. Kf4 Kd6 39. Bc4 h6 40. g5 Rf8+ 41. Kg4 h5+ 42. Kg3 Ke5 43. Be2 Kd4 44. Ra3 Nd3 45. Rb3 Ke3 46. Bxd3 exd3 47. Rxb7 d2 48. Re7+ Kd3 49. Rd7+ Ke2 50. Re7+ Kd1 51. Re6 Rd8 52. Rxg6 Kc1 53. Rc6+ Kb1 54. Rb6+ Ka1 0-1

[Event "NRW Class1 1112"]
[Site "Germany"]
[Date "2011.12.04"]
[Round "4.8"]
[White "Soehnchen, Andreas"]
[Black "Hemmert, Michael"]
[Result "1-0"]
[WhiteElo "2060"]
[BlackElo "1931"]
[PlyCount "45"]
[EventDate "2011.09.18"]
[EventType "team-tourn"]
[EventRounds "9"]
[EventCountry "GER"]
[SourceTitle "EXT 2015"]
[Source "ChessBase"]
[SourceDate "2014.11.20"]
[SourceVersion "1"]
[SourceVersionDate "2014.11.20"]
[SourceQuality "1"]
[WhiteTeam "Oberhausen"]
[BlackTeam "Rheine Klein Berlin"]
[WhiteTeamCountry "GER"]
[BlackTeamCountry "GER"]

1. d4 f5 2. g3 Nf6 3. Bg2 g6 4. Nf3 Bg7 5. 0-0 0-0 6. c4 d6 7. Nc3 Qe8 8. Re1 Qf7 9. e4 Nxe4 10. Nxe4 fxe4 11. Rxe4 Qxc4 12. Rxe7 Bf6 13. b3 Qb5 14. Rxc7 Nc6 15. Bh6 Re8 16. d5 Ne5 17. Nxe5 Rxe5 18. Rac1 Bf5 19. Bf4 Rae8 20. Bxe5 Bxe5 21. g4 Bd3 22. Qf3 Rf8 23. Rc8 1-0

[Event "NRW Class1 1112"]
[Site "Germany"]
[Date "2011.10.09"]
[Round "2.8"]
[White "Forchert, Niko"]
[Black "Hemmert, Michael"]
[Result "0-1"]
[WhiteElo "2165"]
[BlackElo "1931"]
[PlyCount "56"]
[EventDate "2011.09.18"]
[EventType "team-tourn"]
[EventRounds "9"]
[EventCountry "GER"]
[SourceTitle "EXT 2015"]
[Source "ChessBase"]
[SourceDate "2014.11.20"]
[SourceVersion "1"]
[SourceVersionDate "2014.11.20"]
[SourceQuality "1"]
[WhiteTeam "Bielefeld"]
[BlackTeam "Rheine Klein Berlin"]
[WhiteTeamCountry "GER"]
[BlackTeamCountry "GER"]

1. d4 f5 2. Nc3 Nf6 3. Bg5 e6 4. g4 Be7 5. gxf5 exf5 6. e3 d5 7. Bxf6 Bxf6 8. Qh5+ g6 9. Qf3 Be6 10. Nge2 c6 11. Nf4 Bf7 12. 0-0-0 Nd7 13. Nd3 Qc7 14. h4 0-0-0 15. h5 Rdf8 16. hxg6 hxg6 17. Bg2 Qd6 18. Na4 Bg7 19. Nac5 Be8 20. Nxd7 Bxd7 21. Qe2 g5 22. Nc5 Re8 23. Rxh8 Rxh8 24. Rh1 Rh2 25. Rg1 g4 26. Qd3 Bh6 27. f4 Qe7 28. Bf1 Bxf4 0-1